Normal view
MARC view
- النقد العربي-النقد العربي القديم
Entry Topical Term
001 - CONTROL NUMBER
- control field: 24458
003 - CONTROL NUMBER IDENTIFIER
- control field: JO-AjAnu
005 - DATE AND TIME OF LATEST TRANSACTION
- control field: 20230606074207.0
008 - FIXED-LENGTH DATA ELEMENTS
- fixed length control field: 230606|| aca||aabn | a|a d
040 ## - CATALOGING SOURCE
- Original cataloging agency: JO-AjAnu
- Transcribing agency: JO-AjAnu
150 ## - HEADING--TOPICAL TERM
- Topical term or geographic name entry element: النقد العربي-النقد العربي القديم
670 ## - SOURCE DATA FOUND
- Source citation: Work cat.: (JO-AjAnu)12578: درابسة، محمود, author 24457, مفاهيم في الشعرية:دراسات في النقد العربي القديم